[Event "Verbandsliga MVP 2013-14"]
[Site "MVP"]
[Date "2014.01.19"]
[Round "5.2"]
[White "Helms, Sven"]
[Black "Hodl, Ingolf"]
[Result "1/2-1/2"]
[WhiteElo "1907"]
[BlackElo "1979"]
[PlyCount "149"]
[EventDate "2013.??.??"]
[EventType "team-tourn"]
[EventRounds "9"]
[EventCountry "GER"]
[SourceDate "2013.10.20"]
[WhiteTeam "SF Schwerin III"]
[BlackTeam "SSC Rostock 07 II"]
[WhiteTeamCountry "GER"]
[BlackTeamCountry "GER"]

1. e4 Nf6 2. e5 Nd5 3. c4 Nb6 4. c5 Nd5 5. Bc4 e6 6. Nc3 Nxc3 7. dxc3 Nc6 8.
Nf3 Bxc5 9. Bg5 Be7 10. h4 O-O 11. Qe2 a6 12. O-O-O Qe8 13. Bxe7 Nxe7 14. Bd3
f5 15. exf6 gxf6 16. g4 d5 17. g5 f5 18. h5 Nc6 19. Ne5 Nxe5 20. Qxe5 Qe7 21.
h6 Rf7 22. Rdg1 Qd6 23. Qxd6 cxd6 24. g6 hxg6 25. Rxg6+ Kh7 26. Rhg1 b5 27. Be2
Raa7 28. Bh5 Rac7 29. R6g2 Rf6 30. Bg6+ Kh8 31. Rh2 d4 32. Kd2 dxc3+ 33. bxc3
e5 34. Rg5 Rc4 35. f3 Ra4 36. Kd3 Be6 37. Rd2 Rxa2 38. Rxa2 Bxa2 39. Kc2 Be6
40. Kd2 Bd7 41. Ke3 f4+ 42. Kf2 a5 43. h7 Be6 44. Bc2 a4 45. Rg1 Rh6 46. Kg2
Bb3 47. Bd3 Bc4 48. Bc2 Be6 49. Bd3 a3 50. Rb1 a2 51. Ra1 Rh5 52. Bxb5 Kxh7 53.
c4 d5 54. Rxa2 dxc4 55. Ra4 Rg5+ 56. Kf2 e4 57. Bxc4 e3+ 58. Kf1 Bxc4+ 59. Rxc4
Rf5 60. Rc6 Kg7 61. Ke2 Rf6 62. Rc7+ Kg6 63. Re7 Ra6 64. Re8 Ra2+ 65. Kd3 Kf5
66. Rf8+ Ke5 67. Re8+ Kd6 68. Re4 Rd2+ 69. Kc3 Rd5 70. Rxf4 Re5 71. Re4 Rxe4
72. fxe4 Ke5 73. Kd3 Kf4 74. Ke2 Kxe4 75. Ke1 1/2-1/2

[Event "Verbandsliga MVP 2013-14"]
[Site "MVP"]
[Date "2014.01.19"]
[Round "5.4"]
[White "Pererva, Viktor"]
[Black "Andersen, Finn"]
[Result "1/2-1/2"]
[WhiteElo "1960"]
[BlackElo "2024"]
[PlyCount "84"]
[EventDate "2013.??.??"]
[EventType "team-tourn"]
[EventRounds "9"]
[EventCountry "GER"]
[SourceDate "2013.10.20"]
[WhiteTeam "SSC Rostock 07 II"]
[BlackTeam "SF Schwerin III"]
[WhiteTeamCountry "GER"]
[BlackTeamCountry "GER"]

1. e4 d6 2. d4 Nf6 3. Nc3 Nbd7 4. Nf3 e5 5. Bc4 Be7 6. O-O O-O 7. h3 c6 8. a4
b6 9. Be3 a6 10. Nd2 Rb8 11. f4 b5 12. axb5 axb5 13. Ba2 b4 14. Ne2 Re8 15.
fxe5 dxe5 16. Nf3 Bd6 17. Bg5 Qb6 18. Kh1 Ba6 19. dxe5 Nxe4 20. exd6 Bxe2 21.
Bxf7+ Kh8 22. Qd4 Qxd4 23. Nxd4 Bxf1 24. Bxe8 Rxe8 25. Rxf1 Ng3+ 26. Kg1 Nxf1
27. Kxf1 c5 28. Nc6 Kg8 29. Be7 Ra8 30. Ke2 Ra2 31. Kd3 Rxb2 32. g4 Ra2 33. h4
Ra3+ 34. Ke4 Ra1 35. Kd5 Re1 36. Nd8 c4 37. Kxc4 Re4+ 38. Kd5 Rxg4 39. Kc6 Ne5+
40. Kd5 Nd7 41. Kc6 Ne5+ 42. Kd5 Nd7 1/2-1/2

[Event "Verbandsliga MVP 2013-14"]
[Site "MVP"]
[Date "2014.01.20"]
[Round "5.4"]
[White "Kupfernagel, Michael"]
[Black "Brack, Peter"]
[Result "1/2-1/2"]
[WhiteElo "1917"]
[BlackElo "1975"]
[PlyCount "224"]
[EventDate "2013.??.??"]
[EventType "team-tourn"]
[EventRounds "9"]
[EventCountry "GER"]
[SourceDate "2013.10.20"]
[WhiteTeam "SF Schwerin III"]
[BlackTeam "SSC Rostock 07 II"]
[WhiteTeamCountry "GER"]
[BlackTeamCountry "GER"]

1. d4 d5 2. Nf3 Nf6 3. c4 e6 4. Nc3 Nbd7 5. e3 c6 6. Bd3 Be7 7. O-O O-O 8. Qc2
dxc4 9. Bxc4 b5 10. Bd3 Bb7 11. Bd2 a6 12. Rac1 c5 13. a3 Rc8 14. Qb1 Bxf3 15.
gxf3 cxd4 16. exd4 Nb6 17. Be3 g6 18. Rfd1 Nbd5 19. Ne4 Qb6 20. Rxc8 Rxc8 21.
Rc1 Rc6 22. Rxc6 Qxc6 23. Qc1 Qxc1+ 24. Bxc1 Nd7 25. Kf1 f5 26. Ng5 Nf8 27. f4
Bd6 28. Nh3 h6 29. Ke2 Nd7 30. a4 Nb4 31. axb5 Nxd3 32. Kxd3 axb5 33. Ng1 Nf6
34. Nf3 Nd5 35. Ne5 Kg7 36. h4 Be7 37. Nf3 Bd8 38. Bd2 Kf6 39. Ne5 Kg7 40. Nf3
Be7 41. Kc2 Bb4 42. Be3 Ba5 43. Ne5 Kf6 44. Nd7+ Kg7 45. Ne5 Be1 46. Nf3 Bb4
47. Kd3 Be7 48. Kc2 Bf6 49. Bd2 Kf7 50. Kd3 Ke7 51. Ne5 Bxe5 52. dxe5 Kd7 53.
Kd4 Kc6 54. b4 Nb6 55. Bc3 Nd5 56. Bd2 Ne7 57. Bc3 Ng8 58. Bd2 h5 59. Be3 Nh6
60. f3 Ng8 61. Bf2 Ne7 62. Be3 Nd5 63. Bd2 Kb6 64. Kd3 Kb7 65. Kd4 Kc6 66. Kd3
Nb6 67. Kd4 Nc4 68. Bc3 Na3 69. Bd2 Nc2+ 70. Kd3 Na3 71. Kd4 Nc4 72. Be1 Nb2
73. Bc3 Nd1 74. Bd2 Nf2 75. Be1 Nh3 76. Bd2 Nf2 77. Ke3 Nd1+ 78. Kd4 Nb2 79.
Bc3 Nc4 80. Be1 Kb6 81. Bc3 Na3 82. Bd2 Kc6 83. Bc3 Nc2+ 84. Kd3 Na3 85. Kd4
Nc4 86. Be1 Nb6 87. Bc3 Nc8 88. Bd2 Ne7 89. Be1 Kb6 90. Bc3 Nc6+ 91. Kd3 Kc7
92. Bd2 Kd7 93. Be1 Kc8 94. Bc3 Kc7 95. Be1 Kb6 96. Bf2+ Kb7 97. Be1 Ne7 98.
Kd4 Kb6 99. Bc3 Kc6 100. Be1 Nd5 101. Bd2 Kb6 102. Kd3 Kc7 103. Kd4 Kc6 104.
Kd3 Nb6 105. Kd4 Nc4 106. Bc3 Na3 107. Bd2 Nc2+ 108. Kc3 Na3 109. Kd4 Nc4 110.
Bc3 Nb6 111. Be1 Nc8 112. Bc3 Ne7 {Reklamation "50 Züge Regel"} 1/2-1/2

[Event "Verbandsliga MVP 2013-14"]
[Site "MVP"]
[Date "2014.01.20"]
[Round "5.5"]
[White "Mangold, Thomas"]
[Black "Schiewer, Robert"]
[Result "1-0"]
[WhiteElo "1896"]
[BlackElo "1897"]
[PlyCount "59"]
[EventDate "2013.??.??"]
[EventType "team-tourn"]
[EventRounds "9"]
[EventCountry "GER"]
[SourceDate "2013.10.20"]
[WhiteTeam "SSC Rostock 07 II"]
[BlackTeam "SF Schwerin III"]
[WhiteTeamCountry "GER"]
[BlackTeamCountry "GER"]

1. e4 c6 2. d4 d5 3. f3 dxe4 4. fxe4 e5 5. Nf3 Bg4 6. Bc4 Bxf3 7. Qxf3 Nf6 8.
c3 Bd6 9. Be3 Nbd7 10. Nd2 Qc7 11. a4 a5 12. Be2 O-O 13. g3 Qb8 14. O-O b5 15.
Qg2 Bc7 16. g4 bxa4 17. Nc4 Qe8 18. g5 Nd5 19. exd5 cxd5 20. Nxe5 Nxe5 21. dxe5
Qxe5 22. Bf4 Bb6+ 23. Kh1 Qe6 24. Rxa4 d4 25. cxd4 Qd7 26. Rc4 Rfe8 27. Be5 a4
28. Bf3 Qb5 29. Bxa8 Qxc4 30. Bd5 1-0

[Event "Verbandsliga MVP 2013-14"]
[Site "MVP"]
[Date "2014.01.20"]
[Round "5.6"]
[White "Dittrich, Carsten"]
[Black "Celmer, Ole"]
[Result "1/2-1/2"]
[WhiteElo "1841"]
[BlackElo "1915"]
[PlyCount "51"]
[EventDate "2013.??.??"]
[EventType "team-tourn"]
[EventRounds "9"]
[EventCountry "GER"]
[SourceDate "2013.10.20"]
[WhiteTeam "SF Schwerin III"]
[BlackTeam "SSC Rostock 07 II"]
[WhiteTeamCountry "GER"]
[BlackTeamCountry "GER"]

1. e4 e5 2. Nf3 Nc6 3. d4 exd4 4. Nxd4 Nf6 5. Nxc6 bxc6 6. e5 Qe7 7. Qe2 Nd5 8.
c4 Ba6 9. b3 g6 10. f4 f6 11. Qf2 Nb6 12. c5 Bxf1 13. cxb6 Ba6 14. bxc7 fxe5
15. Bb2 Bg7 16. fxe5 Rf8 17. Qe3 Rf5 18. Kd1 Bxe5 19. Re1 d6 20. Nd2 Qxc7 21.
g4 Rf7 22. Bxe5 dxe5 23. Qxe5+ Qxe5 24. Rxe5+ Kd7 25. Rc1 Rf2 26. Ne4 1/2-1/2

[Event "Verbandsliga MVP 2013-14"]
[Site "MVP"]
[Date "2014.01.19"]
[Round "5.7"]
[White "Mueller, Michael"]
[Black "Goertz, Frank"]
[Result "0-1"]
[WhiteElo "1813"]
[BlackElo "1863"]
[PlyCount "64"]
[EventDate "2013.??.??"]
[EventType "team-tourn"]
[EventRounds "9"]
[EventCountry "GER"]
[SourceDate "2013.10.20"]
[WhiteTeam "SSC Rostock 07 II"]
[BlackTeam "SF Schwerin III"]
[WhiteTeamCountry "GER"]
[BlackTeamCountry "GER"]

1. d4 d5 2. e4 e6 3. Nc3 Bb4 4. e5 c5 5. a3 Bxc3+ 6. bxc3 Ne7 7. Qg4 Qc7 8.
Qxg7 Rg8 9. Qxh7 cxd4 10. Ne2 Nbc6 11. f4 dxc3 12. Qd3 Bd7 13. Nxc3 a6 14. g3
Na5 15. Bd2 Nc4 16. Ne4 O-O-O 17. Nd6+ Kb8 18. Bb4 Bb5 19. Nxb5 axb5 20. Qb3
Nf5 21. Bxc4 bxc4 22. Qf3 f6 23. g4 Nd4 24. Qf2 fxe5 25. O-O-O Nc6 26. fxe5
Nxb4 27. axb4 Rxg4 28. Qf6 Qd7 29. h4 c3 30. Qf3 Qa4 31. Qxc3 Rc8 32. Qd3 Rg2
0-1

[Event "Verbandsliga MVP 2013-14"]
[Site "MVP"]
[Date "2014.01.20"]
[Round "5.8"]
[White "Zeeck, Detlef"]
[Black "Schumann, Rabea"]
[Result "1/2-1/2"]
[WhiteElo "1744"]
[BlackElo "1687"]
[PlyCount "102"]
[EventDate "2013.??.??"]
[EventType "team-tourn"]
[EventRounds "9"]
[EventCountry "GER"]
[SourceDate "2013.10.20"]
[WhiteTeam "SF Schwerin III"]
[BlackTeam "SSC Rostock 07 II"]
[WhiteTeamCountry "GER"]
[BlackTeamCountry "GER"]

1. d4 Nf6 2. Nf3 c5 3. e3 g6 4. Nbd2 Bg7 5. Bd3 O-O 6. O-O d6 7. c3 Nc6 8. Qe2
Bd7 9. Rd1 Qc7 10. Nf1 a6 11. dxc5 dxc5 12. e4 b5 13. Be3 Ne5 14. Nxe5 Qxe5 15.
f4 Qc7 16. h3 Rfc8 17. a4 c4 18. Bc2 Bc6 19. e5 Nd5 20. Bc1 e6 21. g3 Bf8 22.
Kh2 Bc5 23. Be3 Nxe3 24. Nxe3 Rd8 25. Ng4 Rxd1 26. Rxd1 Rd8 27. Nf6+ Kg7 28.
axb5 axb5 29. Be4 Rxd1 30. Qxd1 Qb6 31. Bxc6 Qxc6 32. Qd8 Bf8 33. Nxh7 Kxh7 34.
Qxf8 Qf3 35. Qxf7+ Kh8 36. Qe8+ Kh7 37. Qf7+ Kh8 38. Qf6+ Kh7 39. Qe7+ Kh8 40.
Qd8+ Kh7 41. Qd2 Kg7 42. h4 Kh7 43. Kh3 Qd3 44. Qf2 Qf5+ 45. g4 Qd3+ 46. Kh2
Kh6 47. Qg3 Qe2+ 48. Qg2 Qe3 49. Qg3 Qe2+ 50. Qg2 Qe3 51. Qg3 Qe2+ 1/2-1/2

[Event "Verbandsliga MVP 2013-14"]
[Site "MVP"]
[Date "2014.01.19"]
[Round "5.1"]
[White "Dettmann, Gerd"]
[Black "Rittemann, Steffen"]
[Result "1/2-1/2"]
[WhiteElo "2088"]
[BlackElo "2160"]
[PlyCount "88"]
[EventDate "2013.??.??"]
[EventType "team-tourn"]
[EventRounds "9"]
[EventCountry "GER"]
[SourceDate "2013.10.20"]
[WhiteTeam "SG Güstrow/Teterow"]
[BlackTeam "SF Schwerin II"]
[WhiteTeamCountry "GER"]
[BlackTeamCountry "GER"]

1. e4 c5 2. Nf3 d6 3. d4 cxd4 4. Nxd4 Nf6 5. Nc3 a6 6. Bg5 e6 7. Qd2 Nc6 8.
O-O-O Bd7 9. g4 h6 10. Bh4 Be7 11. Rg1 g5 12. Bg3 Nxg4 13. Be2 Nge5 14. f4 gxf4
15. Bxf4 Qa5 16. Kb1 Nxd4 17. Qxd4 O-O-O 18. Rg3 f6 19. Rg7 Bf8 20. Rg3 Qc5 21.
Qd2 Kb8 22. Be3 Nc4 23. Bxc5 Nxd2+ 24. Rxd2 dxc5 25. Rgd3 Kc7 26. Bf3 Be7 27.
e5 fxe5 28. Re2 Bc6 29. Bxc6 Rxd3 30. cxd3 Kxc6 31. Rxe5 Kd6 32. Rh5 b6 33.
Ne4+ Kd7 34. Kc2 Bd6 35. a4 Be7 36. Kc3 Kc6 37. Re5 Kd7 38. Rh5 Bf8 39. a5 Bg7+
40. Kc2 bxa5 41. Nxc5+ Kd6 42. Nb7+ Kc7 43. Nxa5 Rf8 44. Nc4 Rf2+ 1/2-1/2

[Event "Verbandsliga MVP 2013-14"]
[Site "MVP"]
[Date "2014.01.19"]
[Round "5.2"]
[White "Westphal, Wolfgang"]
[Black "Waschk, Armin"]
[Result "1/2-1/2"]
[WhiteElo "2100"]
[BlackElo "2076"]
[PlyCount "136"]
[EventDate "2013.??.??"]
[EventType "team-tourn"]
[EventRounds "9"]
[EventCountry "GER"]
[SourceDate "2013.10.20"]
[WhiteTeam "SF Schwerin II"]
[BlackTeam "SG Güstrow/Teterow"]
[WhiteTeamCountry "GER"]
[BlackTeamCountry "GER"]

1. e4 c5 2. Nf3 d6 3. Bb5+ Bd7 4. Bxd7+ Qxd7 5. O-O Nf6 6. Re1 Nc6 7. c3 e5 8.
d4 cxd4 9. cxd4 exd4 10. Nxd4 Nxd4 11. Qxd4 Be7 12. Nc3 O-O 13. Bg5 Rfd8 14.
Rad1 Qg4 15. Qd2 h6 16. Bxf6 Bxf6 17. Nd5 Bh4 18. h3 Qg6 19. Qb4 Rd7 20. Qa4 b5
21. Qxb5 Rad8 22. b3 Qe6 23. Rc1 Qe5 24. Qd3 Re8 25. g3 Bd8 26. Kg2 Rf8 27. Ne3
Re8 28. Nc4 Qe6 29. Qd5 Bg5 30. Rcd1 Red8 31. f4 Be7 32. Re2 Kf8 33. Red2 Qf6
34. Qd4 Qg6 35. Ne3 h5 36. Qd5 Bh4 37. Nf5 Bxg3 38. Nxg3 h4 39. Qg5 Qxg5 40.
fxg5 hxg3 41. Kxg3 Ke7 42. Kf4 Ke6 43. h4 g6 44. Ke3 Rh8 45. Rh1 Rb7 46. Rf2
Rb5 47. Rf6+ Ke7 48. Rhf1 Rh7 49. Rc1 Rb7 50. Rf4 Rh8 51. Rc4 Ke6 52. Rd4 Rc7
53. Rf6+ Ke7 54. Rf4 Ke6 55. Ra4 Rhc8 56. Ra6 Ke7 57. Rf2 Rh8 58. Rh2 Rb7 59.
Kf4 Ke6 60. Kg4 Ke5 61. Rf2 Rc8 62. Ra4 Rc1 63. Rd2 Rg1+ 64. Kf3 Rf1+ 65. Kg2
Re1 66. Rd5+ Ke6 67. Rda5 Rc7 68. Kf2 Rcc1 1/2-1/2

[Event "Verbandsliga MVP 2013-14"]
[Site "MVP"]
[Date "2014.01.19"]
[Round "5.3"]
[White "Luther, Alexander"]
[Black "Heinsohn, Wilfried"]
[Result "1-0"]
[WhiteElo "1907"]
[BlackElo "2101"]
[PlyCount "49"]
[EventDate "2013.??.??"]
[EventType "team-tourn"]
[EventRounds "9"]
[EventCountry "GER"]
[SourceDate "2013.10.20"]
[WhiteTeam "SG Güstrow/Teterow"]
[BlackTeam "SF Schwerin II"]
[WhiteTeamCountry "GER"]
[BlackTeamCountry "GER"]

1. e4 c5 2. Nf3 d6 3. d4 cxd4 4. Nxd4 Nf6 5. Nc3 g6 6. Be3 Bg7 7. f3 O-O 8. Qd2
Nc6 9. g4 Bd7 10. h4 h5 11. gxh5 Nxh5 12. O-O-O Rc8 13. Nxc6 Bxc6 14. Bd4 Qa5
15. Bxg7 Kxg7 16. f4 Kh7 17. Bd3 Rcd8 18. Rhg1 e5 19. f5 Nf4 20. Rg5 d5 21.
exd5 Bxd5 22. h5 gxf5 23. Rxf5 Kh8 24. Rxe5 Nxd3+ 25. Qxd3 1-0

[Event "Verbandsliga MVP 2013-14"]
[Site "MVP"]
[Date "2014.01.19"]
[Round "5.4"]
[White "Wolf, Christoph"]
[Black "Dettmann, Holger"]
[Result "1/2-1/2"]
[WhiteElo "2103"]
[BlackElo "1896"]
[PlyCount "58"]
[EventDate "2013.??.??"]
[EventType "team-tourn"]
[EventRounds "9"]
[EventCountry "GER"]
[SourceDate "2013.10.20"]
[WhiteTeam "SG Güstrow/Teterow"]
[BlackTeam "SF Schwerin II"]
[WhiteTeamCountry "GER"]
[BlackTeamCountry "GER"]

1. e4 c6 2. d4 d6 3. Nf3 Qc7 4. Nc3 e5 5. a4 Bg4 6. Be2 Nf6 7. O-O Be7 8. Be3
Nbd7 9. h3 Bxf3 10. Bxf3 O-O 11. g4 Rfd8 12. Bg2 Nf8 13. d5 Ng6 14. Ne2 h5 15.
g5 Nh7 16. Qd2 f6 17. gxf6 Nxf6 18. Ng3 h4 19. Nf5 cxd5 20. exd5 Rac8 21. Rac1
Rf8 22. Bg5 Nh5 23. Nxe7+ Nxe7 24. Bxh4 Nf4 25. Kh2 Nxg2 26. Kxg2 Ng6 27. Bg3
Nf4+ 28. Bxf4 Rxf4 29. b3 Rd4 1/2-1/2

[Event "Verbandsliga MVP 2013-14"]
[Site "MVP"]
[Date "2014.01.19"]
[Round "5.5"]
[White "Kiel, Bernd"]
[Black "Wandel, Bernd"]
[Result "0-1"]
[WhiteElo "1909"]
[BlackElo "2073"]
[PlyCount "59"]
[EventDate "2013.??.??"]
[EventType "team-tourn"]
[EventRounds "9"]
[EventCountry "GER"]
[SourceDate "2013.10.20"]
[WhiteTeam "SG Güstrow/Teterow"]
[BlackTeam "SF Schwerin II"]
[WhiteTeamCountry "GER"]
[BlackTeamCountry "GER"]

1. e4 c6 2. c4 d5 3. cxd5 cxd5 4. exd5 Nf6 5. Bb5+ Bd7 6. Bc4 b5 7. Bb3 a5 8.
a3 Na6 9. d4 Nc7 10. Ne2 a4 11. Bc2 Ncxd5 12. O-O g6 13. Nbc3 Bg7 14. Bg5 O-O
15. Qd2 Rc8 16. Rac1 Bc6 17. Rfd1 Qd7 18. Bh6 Nxc3 19. Nxc3 Qg4 20. d5 Nxd5 21.
f3 Bxh6 22. Qxh6 Qe6 23. Ne4 Nf6 24. Ng5 Qe3+ 25. Kh1 Qe5 26. b3 Rfd8 27. bxa4
Rxd1+ 28. Rxd1 Qe2 29. Bb3 Bd5 30. axb5 0-1

[Event "Verbandsliga MVP 2013-14"]
[Site "MVP"]
[Date "2014.01.19"]
[Round "5.6"]
[White "Roehl, Rainer"]
[Black "Fidorra, Thomas"]
[Result "1-0"]
[WhiteElo "2031"]
[BlackElo "1847"]
[PlyCount "75"]
[EventDate "2013.??.??"]
[EventType "team-tourn"]
[EventRounds "9"]
[EventCountry "GER"]
[SourceDate "2013.10.20"]
[WhiteTeam "SF Schwerin II"]
[BlackTeam "SG Güstrow/Teterow"]
[WhiteTeamCountry "GER"]
[BlackTeamCountry "GER"]

1. d4 Nf6 2. Bf4 d5 3. e3 e6 4. Nf3 Be7 5. Nbd2 O-O 6. Bd3 c5 7. c3 Qb6 8. Rb1
Bd7 9. Qe2 Ba4 10. dxc5 Bxc5 11. e4 dxe4 12. Nxe4 Nbd7 13. Nxf6+ Nxf6 14. Be5
Rfd8 15. O-O Bc6 16. Nd4 Bxd4 17. Bxd4 Qa5 18. b4 Qd5 19. f3 e5 20. Bc4 Bb5 21.
Bxb5 exd4 22. Rbd1 Qd6 23. Rxd4 Qb6 24. Rfd1 Nd5 25. Qd3 Rdc8 26. Bc4 Rxc4 27.
Qxc4 Ne3 28. Qd3 Nxd1 29. Qxd1 a5 30. a3 axb4 31. axb4 Kf8 32. Kf1 Re8 33. Qd3
Qa7 34. Re4 Rc8 35. Qd6+ Kg8 36. Qd7 Qa1+ 37. Kf2 Qb2+ 38. Re2 1-0

[Event "Verbandsliga MVP 2013-14"]
[Site "MVP"]
[Date "2014.01.19"]
[Round "5.7"]
[White "Ramp, Oliver"]
[Black "Wagner, Ralph"]
[Result "0-1"]
[WhiteElo "1808"]
[BlackElo "2037"]
[PlyCount "53"]
[EventDate "2013.??.??"]
[EventType "team-tourn"]
[EventRounds "9"]
[EventCountry "GER"]
[SourceDate "2013.10.20"]
[WhiteTeam "SG Güstrow/Teterow"]
[BlackTeam "SF Schwerin II"]
[WhiteTeamCountry "GER"]
[BlackTeamCountry "GER"]

1. e4 d5 2. exd5 Qxd5 3. Nc3 Qa5 4. d4 c6 5. Nf3 Bf5 6. Bd3 Bg6 7. Bf4 e6 8.
O-O Nf6 9. Ne5 Be7 10. Re1 O-O 11. Nc4 Qd8 12. Bxg6 hxg6 13. Ne4 Nxe4 14. Rxe4
Qd5 15. Qd3 Nd7 16. Ree1 Nf6 17. Be5 Rfd8 18. Ne3 Qa5 19. Qb3 Rd7 20. c3 Qa6
21. Bxf6 gxf6 22. Rad1 Rad8 23. h3 Kg7 24. Qc4 Qxc4 25. Nxc4 c5 26. Na5 cxd4
27. cxd4 0-1

[Event "Verbandsliga MVP 2013-14"]
[Site "MVP"]
[Date "2014.01.20"]
[Round "5.8"]
[White "Hasselmann, Dieter"]
[Black "Ebert, Lutz"]
[Result "1-0"]
[WhiteElo "2030"]
[BlackElo "1758"]
[PlyCount "80"]
[EventDate "2013.??.??"]
[EventType "team-tourn"]
[EventRounds "9"]
[EventCountry "GER"]
[SourceDate "2013.10.20"]
[WhiteTeam "SF Schwerin II"]
[BlackTeam "SG Güstrow/Teterow"]
[WhiteTeamCountry "GER"]
[BlackTeamCountry "GER"]

1. e4 e5 2. Nf3 d6 3. d4 exd4 4. Nxd4 Nf6 5. Nc3 a6 6. Bg5 Be7 7. Qd2 O-O 8.
O-O-O b5 9. f3 b4 10. Nce2 c5 11. Nf5 Bxf5 12. exf5 Qa5 13. Kb1 Rd8 14. c4 bxc3
15. Nxc3 Nc6 16. Bxf6 Bxf6 17. Nd5 Bd4 18. Ne7+ Kf8 19. Nxc6 Qa4 20. Nxd4 cxd4
21. Qxd4 Qc6 22. Qd5 Qb6 23. Bc4 Ra7 24. Rhe1 Rb7 25. Re2 a5 26. g4 a4 27. g5
g6 28. fxg6 hxg6 29. Qd4 Qxd4 30. Rxd4 a3 31. b3 Rb4 32. Rd5 Rdb8 33. Kc2 R4b6
34. Ra5 Rc8 35. Kd3 Rbc6 36. Rxa3 Rc5 37. Kd4 Rxg5 38. Ra7 d5 39. Bxd5 Rd8 40.
Rxf7+ Kg8 1-0

[Event "Verbandsliga MVP 2013-14"]
[Site "MVP"]
[Date "2014.02.23"]
[Round "6.1"]
[White "Westphal, Wolfgang"]
[Black "Ispirjan, Mikael"]
[Result "1/2-1/2"]
[WhiteElo "2100"]
[BlackElo "1952"]
[PlyCount "168"]
[EventDate "2013.??.??"]
[EventType "team-tourn"]
[EventRounds "9"]
[EventCountry "GER"]
[SourceDate "2013.10.20"]
[WhiteTeam "SF Schwerin II"]
[BlackTeam "SAV Torgelow-Drögeheide 90"]
[WhiteTeamCountry "GER"]
[BlackTeamCountry "GER"]

1. e4 c6 2. d4 d5 3. e5 Bf5 4. Be3 e6 5. Nd2 Nd7 6. Ngf3 Bg4 7. Be2 Ne7 8. h3
Bxf3 9. Nxf3 Nf5 10. O-O c5 11. c4 cxd4 12. Bxd4 Nxd4 13. Qxd4 Bc5 14. Qg4 O-O
15. cxd5 exd5 16. Rad1 Nb6 17. Bd3 g6 18. h4 Re8 19. h5 Qd7 20. Qxd7 Nxd7 21.
Bb5 Nxe5 22. Bxe8 Nxf3+ 23. gxf3 Rxe8 24. Rxd5 b6 25. a3 a5 26. Rfd1 Re2 27. h6
Kf8 28. f4 Bxf2+ 29. Kf1 Rxb2 30. Re5 Bh4 31. Rc1 Rd2 32. Rc8+ Rd8 33. Rc6 Be7
34. Rxb6 Bxa3 35. Rxa5 Bc1 36. Rb7 Bxf4 37. Raa7 Bxh6 38. Rxf7+ Kg8 39. Rxh7
Bf8 40. Rhc7 Rd5 41. Kg2 Rd3 42. Ra8 Rd6 43. Kh3 Rf6 44. Kg4 Rf7 45. Rc6 Kh7
46. Raa6 Rg7 47. Rf6 Bb4 48. Ra8 Bc3 49. Rf1 Re7 50. Rc8 Bg7 51. Rh1+ Bh6 52.
Rc2 Re4+ 53. Kf3 Re3+ 54. Kf2 Re7 55. Rc3 Kg7 56. Rch3 Bg5 57. Rh7+ Kf6 58.
Rxe7 Kxe7 59. Kf3 Bf6 60. Ke4 g5 61. Kf5 Bc3 62. Kxg5 Kd6 63. Kf5 Bd4 64. Ke4
Bf2 65. Rf1 Bg3 66. Rg1 Bh4 67. Rd1+ Kc6 68. Rd5 Bf2 69. Rf5 Bg1 70. Rf6+ Kb7
71. Kd5 Bh2 72. Rg6 Bf4 73. Rc6 Bh2 74. Kc5 Bg1+ 75. Kb5 Bh2 76. Rh6 Bg3 77.
Rh7+ Kb8 78. Kc6 Be5 79. Rb7+ Ka8 80. Rd7 Bf4 81. Rd3 Bh2 82. Rh3 Be5 83. Rh4
Bg3 84. Rh7 Bf4 1/2-1/2

[Event "Verbandsliga MVP 2013-14"]
[Site "MVP"]
[Date "2014.02.23"]
[Round "6.2"]
[White "Zentgraf, Robert"]
[Black "Heinsohn, Wilfried"]
[Result "1/2-1/2"]
[WhiteElo "2076"]
[BlackElo "2101"]
[PlyCount "48"]
[EventDate "2013.??.??"]
[EventType "team-tourn"]
[EventRounds "9"]
[EventCountry "GER"]
[SourceDate "2013.10.20"]
[WhiteTeam "SAV Torgelow-Drögeheide 90"]
[BlackTeam "SF Schwerin II"]
[WhiteTeamCountry "GER"]
[BlackTeamCountry "GER"]

1. e4 c5 2. Nc3 d6 3. f4 g6 4. Nf3 Bg7 5. Bb5+ Bd7 6. Bxd7+ Qxd7 7. O-O Nc6 8.
d3 Nf6 9. Kh1 O-O 10. Qe1 Rac8 11. Bd2 a6 12. Qh4 Nd4 13. Rac1 Qg4 14. Qf2 Nxf3
15. gxf3 Qd7 16. Rg1 e6 17. Qh4 d5 18. Rg5 d4 19. Ne2 c4 20. dxc4 d3 21. Ng1
dxc2 22. Rg2 Rxc4 23. Bc3 Ne8 24. Qe1 Bxc3 1/2-1/2

[Event "Verbandsliga MVP 2013-14"]
[Site "MVP"]
[Date "2014.02.23"]
[Round "6.3"]
[White "Weyrich, Morten"]
[Black "Onasch, Paul"]
[Result "1-0"]
[WhiteElo "2212"]
[BlackElo "2000"]
[PlyCount "53"]
[EventDate "2013.??.??"]
[EventType "team-tourn"]
[EventRounds "9"]
[EventCountry "GER"]
[SourceDate "2013.10.20"]
[WhiteTeam "SF Schwerin II"]
[BlackTeam "SAV Torgelow-Drögeheide 90"]
[WhiteTeamCountry "GER"]
[BlackTeamCountry "GER"]

1. g3 d5 2. Bg2 Nf6 3. c4 c6 4. Qc2 e5 5. b3 Bd6 6. Bb2 O-O 7. d3 Qe7 8. Nd2
Re8 9. Rc1 Bf5 10. e4 Be6 11. c5 Bc7 12. Ne2 Ng4 13. O-O f5 14. h3 Nf6 15. f4
exf4 16. e5 Nfd7 17. gxf4 Nxc5 18. Ba3 b6 19. d4 Nbd7 20. dxc5 Nxc5 21. Nd4 Qd7
22. b4 Ne4 23. Nxe4 dxe4 24. Rfd1 Qf7 25. Qxc6 Rac8 26. Nxe6 Rxe6 27. Qd7 1-0

[Event "Verbandsliga MVP 2013-14"]
[Site "MVP"]
[Date "2014.02.23"]
[Round "6.4"]
[White "Schmekel, Florian"]
[Black "Wandel, Bernd"]
[Result "1/2-1/2"]
[WhiteElo "1778"]
[BlackElo "2073"]
[PlyCount "91"]
[EventDate "2013.??.??"]
[EventType "team-tourn"]
[EventRounds "9"]
[EventCountry "GER"]
[SourceDate "2013.10.20"]
[WhiteTeam "SAV Torgelow-Drögeheide 90"]
[BlackTeam "SF Schwerin II"]
[WhiteTeamCountry "GER"]
[BlackTeamCountry "GER"]

1. d4 Nf6 2. c4 g6 3. Nc3 Bg7 4. e4 d6 5. Be2 O-O 6. Bg5 Nbd7 7. Qd2 c5 8. d5
Qa5 9. Nf3 Re8 10. O-O Ng4 11. h3 Nge5 12. Nxe5 Bxe5 13. Nb5 Qb6 14. f4 Bg7 15.
a4 Nf6 16. a5 Qd8 17. Bd3 a6 18. Nc3 Nd7 19. g4 b6 20. axb6 Qxb6 21. Na4 Qb4
22. Qe2 Rb8 23. Ra2 Bd4+ 24. Kg2 Nb6 25. Nxb6 Rxb6 26. b3 Qc3 27. Bc2 Rb8 28.
Bh4 Qb4 29. Be1 Qb7 30. Bf2 e5 31. f5 f6 32. Be3 Qg7 33. Kh2 Kh8 34. Rg1 Rg8
35. Bd1 Bb7 36. Qf3 Rbf8 37. Rgg2 Bc8 38. Kh1 Qc7 39. Kh2 Rf7 40. Kh1 Qe7 41.
Kh2 g5 42. Kh1 Qc7 43. Bd2 h6 44. Ba5 Qb7 45. Kh2 Rh7 46. Kh1 1/2-1/2

[Event "Verbandsliga MVP 2013-14"]
[Site "MVP"]
[Date "2014.02.23"]
[Round "6.5"]
[White "Roehl, Rainer"]
[Black "Lehmann, Ruben"]
[Result "1/2-1/2"]
[WhiteElo "2031"]
[BlackElo "1875"]
[PlyCount "50"]
[EventDate "2013.??.??"]
[EventType "team-tourn"]
[EventRounds "9"]
[EventCountry "GER"]
[SourceDate "2013.10.20"]
[WhiteTeam "SF Schwerin II"]
[BlackTeam "SAV Torgelow-Drögeheide 90"]
[WhiteTeamCountry "GER"]
[BlackTeamCountry "GER"]

1. d4 d5 2. Bf4 Nf6 3. e3 e6 4. Nf3 Nbd7 5. Nbd2 c5 6. c3 Be7 7. h3 O-O 8. Be2
b6 9. O-O Bb7 10. a4 a6 11. Qc2 Rc8 12. Rad1 Ne8 13. Qb1 Nd6 14. Bd3 f5 15. Ng5
Bxg5 16. Bxd6 Be7 17. Bxe7 Qxe7 18. f4 a5 19. Nf3 Bc6 20. Qa2 c4 21. Bc2 Nf6
22. Ne5 Be8 23. Rb1 Nd7 24. Nxd7 Qxd7 25. Ra1 Qe7 1/2-1/2